[Event "EU-chT (Men)"]
[Site "Debrecen"]
[Date "1992.??.??"]
[Round "7"]
[White "Wittmann, Walter"]
[Black "Kupreichik, Viktor D"]
[Result "1/2-1/2"]
[WhiteElo "2380"]
[BlackElo "2545"]

1.e4 c5 2.Nf3 d6 3.Bb5+ Nc6 4.O-O Bd7 5.Re1 a6 6.Bf1 Nf6 7.c3 Bg4 8.h3 Bh5
9.d3 e6 10.Nbd2 Be7 11.Qe2 d5 12.e5 Nd7 13.g4 Bg6 14.Bg2 h5 15.Nf1 hxg4 16.hxg4 Qc7
17.Bd2 O-O-O 18.a3 f6 19.Bf4 fxe5 20.Nxe5 Ndxe5 21.Bxe5 Nxe5 22.Qxe5 Qxe5
23.Rxe5 Rd6 24.Rd1 Kd7 25.Ng3 Rb6 26.Re2 Rf8 27.Nf1 Rb3 28.Nh2 Rf4 29.Bf3 Bd6
30.Kg2 d4 31.Be4 Bxe4+ 32.dxe4 e5 33.cxd4 exd4 34.f3 Be5 35.g5 d3 36.Ng4 Bxb2
37.Re3 c4 38.Rb1 c3 39.Rxd3+ Ke6 40.Rh1 Rxa3 41.Ne3 Rf8 42.Rhd1 Ra5 43.Rd6+ Kf7
44.f4 Kg8 45.Kg3 Ba3 46.Rd7 Bc5 47.Nf5 Rf7 48.Rd8+ Bf8 49.g6 Rfxf5 50.exf5 Rxf5
51.Kg4 Rf6 52.f5 b5 53.Rc8 b4 54.Ra1 Rd6 55.Rh1 Rf6 56.Ra1 Rd6 57.Rh1 Rf6
58.Ra1  1/2-1/2

[Event "EU-chT (Men)"]
[Site "Debrecen"]
[Date "1992.??.??"]
[Round "7"]
[White "David, Alberto"]
[Black "Damaso, Rui"]
[Result "1/2-1/2"]
[WhiteElo "2365"]
[BlackElo "2450"]

1.e4 c5 2.Nf3 d6 3.Bb5+ Bd7 4.Bxd7+ Qxd7 5.O-O Nc6 6.Re1 e6 7.c3 d5 8.exd5 Qxd5
9.d4 Nf6 10.Be3 Rd8 11.Qa4 c4 12.b3 b5 13.Qa6 Bd6 14.a4 cxb3 15.axb5 Nb8
16.Qa4 Nbd7 17.c4 Qh5 18.Qxb3 O-O 19.Rxa7 e5 20.dxe5 Nxe5 21.Nxe5 Bxe5 22.h3 Bb8
23.Ra2 Qe5 24.f4 Qf5 25.Qc2 Rd3 26.Qf2 Ne4 27.Qf3 Nd6 28.Nd2 Qc8 29.Qe2 Rc3
30.Bd4 Rg3 31.Bf2 Rc3 32.Bd4 Rg3 33.Bf2 Rc3 34.Bd4  1/2-1/2

[Event "EU-chT (Men)"]
[Site "Debrecen"]
[Date "1992.??.??"]
[Round "9"]
[White "David, Alberto"]
[Black "Yrjola, Jouni"]
[Result "1/2-1/2"]
[WhiteElo "2365"]
[BlackElo "2485"]

1.e4 c5 2.Nf3 d6 3.Bb5+ Bd7 4.Bxd7+ Nxd7 5.O-O Ngf6 6.Re1 e6 7.c3 Be7 8.d4 cxd4
9.cxd4 d5 10.e5 Ne4 11.Nbd2 Nxd2 12.Bxd2 O-O 13.Rc1 Qb6 14.Qa4 Nb8 15.Re3 Nc6
16.Rb3 Qc7 17.Bb4 Bxb4 18.Qxb4 Rac8 19.Qxb7 Qxb7 20.Rxb7 Nxd4 21.Rcc7 Nxf3+
22.gxf3 Rxc7 23.Rxc7 Ra8 24.b4 a6 25.Kf1 g5 26.Ke2 Rb8 27.a3  1/2-1/2

[Event "Dubai Asian Cities"]
[Site "Dubai"]
[Date "1992.??.??"]
[Round "5"]
[White "Barua, Dibyendu"]
[Black "Momeni, Hadi"]
[Result "1/2-1/2"]
[WhiteElo "2550"]
[BlackElo "2205"]

1.e4 c5 2.Nf3 d6 3.Bb5+ Bd7 4.Bxd7+ Qxd7 5.O-O Nc6 6.c4 Nf6 7.Nc3 e6 8.d3 Be7
9.h3 O-O 10.Re1 Rad8 11.Nh2 d5 12.e5 Ne8 13.Bf4 dxc4 14.dxc4 Qxd1 15.Raxd1 Nc7
16.Nf3 Nb4 17.Bc1 Nd3 18.Re2 Nxc1 19.Rxc1 Na6 20.g3 Nb4 21.h4 Rd7 22.Kg2 Rfd8
23.b3 h6 24.Ne4 f5 25.exf6 gxf6 26.Nc3 Kf7 27.Rce1 Nd3 28.Rxe6 Nxe1+ 29.Rxe1 Rd3
30.Nd5 R3xd5 31.cxd5 Rxd5 32.Kf1 Rd3 33.Ke2 Rc3 34.Rd1 b5 35.h5 c4 36.bxc4  1/2-1/2

[Event "Dubai Asian Cities"]
[Site "Dubai"]
[Date "1992.??.??"]
[Round "7"]
[White "Antonio, Rogelio Jr"]
[Black "Aye, Lwin"]
[Result "1-0"]
[WhiteElo "2520"]
[BlackElo "2360"]

1.e4 c5 2.Nf3 d6 3.Bb5+ Bd7 4.Bxd7+ Qxd7 5.c4 Nc6 6.O-O g6 7.Nc3 Bg7 8.a3 e6
9.Rb1 Nge7 10.b4 b6 11.Ne2 O-O 12.Bb2 e5 13.b5 Nd8 14.Ne1 f5 15.exf5 Nxf5
16.Nc2 Nd4 17.Ne3 N8e6 18.Nd5 Rf7 19.Ng3 Nf4 20.Bxd4 Nxd5 21.cxd5 exd4 22.Ne4 Rf5
23.f4 Raf8 24.Qg4 c4 25.Rbc1 Qe7 26.Ng3 Rxd5 27.f5 g5 28.Rxc4 Rc5 29.Rcc1 Rxc1
30.Rxc1 h6 31.Rf1 Qe5 32.a4 d3 33.Kh1 Qd4 34.Qh5 Qf6 35.Qf3 Qd4 36.Nh5 Bf6
37.h3 d5 38.Re1 Be5 39.g3 Rf7 40.Kg2 Rf8 41.Re3 Qa1 42.Qxd5+  1-0

[Event "NLD-ch sf"]
[Site "Enschede"]
[Date "1992.??.??"]
[Round "2"]
[White "Visser, Yge"]
[Black "Riemersma, Liafbern"]
[Result "1-0"]
[WhiteElo "2360"]
[BlackElo "2410"]

1.e4 c5 2.Nf3 d6 3.Bb5+ Nd7 4.O-O Nf6 5.Re1 e6 6.c3 a6 7.Bf1 Be7 8.d4 cxd4
9.cxd4 b5 10.Nbd2 O-O 11.b3 Bb7 12.Bd3 e5 13.Bb2 Re8 14.Nf1 Bf8 15.Ng3 g6
16.Qd2 exd4 17.Nxd4 Bg7 18.Rad1 Nc5 19.f3 Nxd3 20.Qxd3 Nd7 21.Qd2 d5 22.exd5 Rxe1+
23.Rxe1 Nf6 24.Ndf5 gxf5 25.Nxf5 Qf8 26.Qg5 Re8 27.Ba3 Rxe1+ 28.Kf2 Re2+
29.Kxe2 Qe8+ 30.Kf2 Nh5 31.Qxh5 Qd8 32.Qg4 Qb6+ 33.Kg3 Qf6 34.Bc5 Qe5+ 35.Kh3 Bxd5  1-0

[Event "NLD-ch sf"]
[Site "Enschede"]
[Date "1992.??.??"]
[Round "8"]
[White "Martens, Martin"]
[Black "Riemersma, Liafbern"]
[Result "1/2-1/2"]
[WhiteElo "2360"]
[BlackElo "2410"]

1.e4 c5 2.Nf3 d6 3.Bb5+ Nd7 4.O-O a6 5.Bxd7+ Bxd7 6.d4 cxd4 7.Qxd4 Nf6 8.Bg5 Bc6
9.Nc3 e6 10.Rfe1 Be7 11.Rad1 O-O 12.Qe3 Qc7 13.Nd4 b5 14.a3 Rab8 15.Qg3 b4
16.axb4 Rxb4 17.Bh6 Ne8 18.Nxc6 Qxc6 19.b3 Bf6 20.Bd2 Rd4 21.Re3 Qc5 22.Rd3 Be5
23.Qf3 Rxd3 24.Qxd3 Nf6 25.Na4 Bxh2+ 26.Kf1 Qh5 27.f3 d5 28.Nc3 dxe4 29.Nxe4 Nxe4
30.Qxe4 Rd8 31.Be1 Rb8 32.Qd3 Bc7 33.Bf2 Qh1+ 34.Ke2 Qxg2 35.Qxa6 Bg3 36.Qa7 Rc8
37.c4 Bxf2 38.Qxf2 Qg6 39.Rd2 h5 40.Qb6 Qg2+ 41.Qf2 Qg5 42.Qe3 Qe7 43.Qe5 h4
44.Rd4 g5 45.b4 f6 46.Qe4 h3 47.Kf2 Kg7 48.c5  1/2-1/2

[Event "FIN-chT"]
[Site "FIN"]
[Date "1992.??.??"]
[Round "?"]
[White "Maki, Veijo"]
[Black "Yrjola, Jouni"]
[Result "1/2-1/2"]
[WhiteElo "2415"]
[BlackElo "2485"]

1.e4 c5 2.Nf3 d6 3.Bb5+ Bd7 4.Bxd7+ Nxd7 5.O-O Ngf6 6.Qe2 e6 7.b3 Be7 8.Bb2 O-O
9.d4 cxd4 10.Nxd4 Re8 11.c4 Qb6 12.Rd1 Bf8 13.Nc3 Nc5 14.Rab1 a6 15.Ba1 Rac8
16.Qf3 Rcd8 17.Rd2 Ncd7 18.Rbd1 d5 19.cxd5 exd5 20.Nxd5 Nxd5 21.exd5 Ne5
22.Qg3 Rxd5 23.h3 Ng6 24.Nc2 Rxd2 25.Rxd2 Qa5 26.Qc3 Qxc3  1/2-1/2

[Event "Geneve op"]
[Site "Geneve"]
[Date "1992.??.??"]
[Round "2"]
[White "Preissmann, Emmanuel"]
[Black "Cvitan, Ognjen"]
[Result "1/2-1/2"]
[WhiteElo "2295"]
[BlackElo "2505"]

1.e4 c5 2.Nf3 d6 3.Bb5+ Bd7 4.Bxd7+ Qxd7 5.O-O Nc6 6.c3 Nf6 7.d4 Nxe4 8.d5 Ne5
9.Nxe5 dxe5 10.Re1 Nd6 11.Rxe5 g6 12.Re1 O-O-O 13.Be3 Nf5 14.Bxc5 b6 15.Ba3 Qxd5
16.Qxd5 Rxd5 17.c4 Rd7 18.Nc3  1/2-1/2

[Event "Geneve op"]
[Site "Geneve"]
[Date "1992.??.??"]
[Round "4"]
[White "Ristic, Nenad"]
[Black "Gallagher, Joseph G"]
[Result "1/2-1/2"]
[WhiteElo "2370"]
[BlackElo "2510"]

1.e4 c5 2.Nf3 d6 3.Bb5+ Nd7 4.d4 cxd4 5.Qxd4 Nf6 6.Nc3 e6 7.e5 dxe5 8.Nxe5 a6
9.Nxd7 Nxd7 10.Be2 Qf6 11.Qxf6 gxf6 12.Be3 b6 13.Bf3 Rb8 14.O-O-O Bb7 15.Bxb7 Rxb7
16.Ne4 Be7 17.Nd6+ Bxd6 18.Rxd6 Ke7 19.Rc6 Rg8 20.g3 Rbb8 21.Rd1 Rgc8 22.Rxc8 Rxc8
23.Rd4 Rc6 24.Rh4 Nf8 25.Bd2 a5 26.b4 Ng6 27.Rxh7 a4 28.h4 Ne5 29.b5 Rc4
30.a3 f5 31.Rh8 Nd3+ 32.Kb1 Nxf2 33.Rb8 Ne4 34.Be1 Nc3+ 35.Kb2 Nxb5 36.Rxb6 Nd4
37.Rb7+ Kd6 38.Bb4+ Kc6 39.Rxf7 Rxc2+ 40.Kb1 Rh2 41.Rf6 Kd5 42.Rf8 e5 43.Bc3 Nb5
44.Bb2 e4 45.Rxf5+ Kc4 46.Re5 Nc3+ 47.Bxc3 Kxc3 48.Rxe4 Rh1+ 49.Ka2 Rh2+
50.Kb1 Rh1+  1/2-1/2

[Event "Oberliga Nord N9192"]
[Site "Germany"]
[Date "1992.??.??"]
[Round "?"]
[White "Fette, Martin"]
[Black "Joecks, Christian"]
[Result "1/2-1/2"]
[WhiteElo "2380"]
[BlackElo "2355"]

1.e4 c5 2.Nf3 d6 3.Bb5+ Bd7 4.Bxd7+ Nxd7 5.O-O Ngf6 6.Qe2 e6 7.b3 Be7 8.Bb2 O-O
9.c4 Re8 10.d4 cxd4 11.Nxd4 Qb6 12.Nd2 Rad8 13.Kh1 Bf8 14.f4 e5 15.Nf5  1/2-1/2

[Event "NRW-Liga II 9192"]
[Site "Germany"]
[Date "1992.??.??"]
[Round "?"]
[White "Weber, Peter"]
[Black "Bakalarz, Mieczyslaw"]
[Result "0-1"]
[WhiteElo "2205"]
[BlackElo "2260"]

1.e4 c5 2.Nf3 d6 3.Bb5+ Nc6 4.O-O Nf6 5.Re1 e5 6.c3 Be7 7.h3 O-O 8.d4 cxd4
9.cxd4 exd4 10.Nxd4 Qb6 11.Bxc6 bxc6 12.Nc3 c5 13.Nf5 Bxf5 14.exf5 Rfe8 15.g4 h6
16.h4 Qb4 17.g5 Qxh4 18.gxf6 Bxf6 19.Be3 Rab8 20.Qf3 Rxb2 21.Bf4 Rxe1+ 22.Rxe1 Bxc3
23.Bg3 Qf6  0-1

[Event "NRW-Liga II 9192"]
[Site "Germany"]
[Date "1992.??.??"]
[Round "?"]
[White "Rechmann, Peter"]
[Black "Bluhm, Grischa"]
[Result "1-0"]
[WhiteElo "2360"]
[BlackElo "2305"]

1.e4 c5 2.Nf3 d6 3.Bb5+ Bd7 4.Bxd7+ Nxd7 5.O-O Ngf6 6.Re1 e6 7.d3 Be7 8.Bg5 h6
9.Bh4 Qc7 10.Nbd2 g5 11.Bg3 e5 12.c3 h5 13.h4 g4 14.Ng5 Nh7 15.Nxh7 Rxh7
16.d4 O-O-O 17.b4 Kb8 18.bxc5 dxc5 19.Qb3 f6 20.Nc4 Rc8 21.dxe5 fxe5 22.Rad1 Bf6
23.Rd6 Re7 24.Red1 Bg7 25.Qb5 Nf6 26.Nxe5 Ka8 27.Rxf6 Bxf6 28.Nxg4 a6 29.Bxc7 axb5
30.Nxf6 Rexc7 31.Nd5 b4 32.Nxc7+ Rxc7 33.cxb4 c4 34.Rc1 c3 35.f3 Ka7 36.Kf2 Kb6
37.a4 Rc4 38.Ke3 Rxb4 39.Rxc3 Rxa4 40.Kf4 Ra2 41.g3 Ra4 42.Kf5 Ra2 43.e5 Re2
44.e6  1-0

[Event "GER CupT"]
[Site "Germany"]
[Date "1992.??.??"]
[Round "?"]
[White "Heinemann, Thies"]
[Black "Gutman, Lev"]
[Result "0-1"]
[WhiteElo "2395"]
[BlackElo "2465"]

1.e4 c5 2.Nf3 d6 3.Bb5+ Nc6 4.d4 cxd4 5.Qxd4 Bd7 6.Bxc6 Bxc6 7.c4 f5 8.Nc3 fxe4
9.Nxe4 Nf6 10.Nxf6+ gxf6 11.Qg4 Qd7 12.Qh5+ Kd8 13.O-O Rg8 14.b3 Qg4 15.Qxg4 Rxg4
16.Ne1 Re4 17.Nc2 Kd7 18.f3 Rh4 19.Ne3 e6 20.Ng4 Be7 21.Bb2 Rf8 22.Rad1 Rh5
23.Rd2 b5 24.cxb5 Rxb5 25.Rc1 h5 26.Rdc2 Rb6 27.Ne3 Rc8 28.Kf2 Rb5 29.Rc4 f5
30.f4 Bb7 31.Rxc8 Bxc8 32.Nc4 Rd5 33.Ke3 e5 34.Rc2 Bf6 35.fxe5 dxe5 36.Kf2 Kd8
37.g3 h4 38.Bc3 hxg3+ 39.hxg3 Bb7 40.Ne3 Rd3 41.Rd2 Rxd2+ 42.Bxd2 Be4 43.Nc4 Ke7
44.Bc3 Ke6 45.Ke2 Bb7 46.Kf2 Ba6 47.Nd2 Kd5 48.Nf3 Ke4 49.Bb2 Bb5 50.Nd2+ Kd5
51.Bc3 Bd8 52.Nf3 Bb6+ 53.Ke1 Bc7 54.Kf2 Ke4 55.Bb2 Be8 56.b4 Bh5 57.Ng5+ Kd3
58.Ne6 Bd6 59.Nd8 e4 60.Bc1 Bxb4 61.Ne6 Bf7 62.Nf4+ Kc2 63.Be3 a5 64.Ne2 Bxa2
65.Nd4+ Kd3 66.Nxf5 a4 67.g4 Be6 68.Bc1 a3  0-1

[Event "Bundesliga 9192"]
[Site "Germany"]
[Date "1992.??.??"]
[Round "?"]
[White "Schulz, Klaus Juergen"]
[Black "Gruenberg, Hans Ulrich"]
[Result "1/2-1/2"]
[WhiteElo "2400"]
[BlackElo "2530"]

1.e4 c5 2.Nf3 d6 3.Bb5+ Nc6 4.O-O Bd7 5.c3 a6 6.Ba4 Nf6 7.Re1 c4 8.d4 cxd3
9.Qxd3 g6 10.c4 Bg7 11.Nc3 O-O 12.Bg5 h6 13.Bf4 Rc8 14.Bxc6 Bxc6 15.h3 Kh7
16.Rac1 Nd7 17.Qe2 Nc5 18.e5 Bxf3 19.Qxf3 dxe5 20.Rcd1 Qc7 21.Nd5 Qb8 22.Bg3 f5
23.Nxe7 Rce8 24.Qa3 Ne4 25.Rd7 Rd8 26.Red1 Rxd7 27.Rxd7 Rd8 28.Qd3 Rxd7 29.Qxd7 f4
30.Bh4 Qd6 31.Qxb7 Qd1+ 32.Kh2 Nd2 33.Qd5  1/2-1/2

[Event "Bundesliga 9192"]
[Site "Germany"]
[Date "1992.??.??"]
[Round "?"]
[White "Kraut, Rainer"]
[Black "Boensch, Uwe"]
[Result "0-1"]
[WhiteElo "2390"]
[BlackElo "2560"]

1.e4 c5 2.Nf3 d6 3.Bb5+ Bd7 4.Bxd7+ Qxd7 5.O-O Nc6 6.c3 Nf6 7.d4 cxd4 8.cxd4 d5
9.e5 Ng8 10.b3 e6 11.Ba3 Bxa3 12.Nxa3 Nge7 13.Nc2 O-O 14.Qd2 Rac8 15.Rfe1 Qc7
16.Rac1 Qa5 17.Qxa5 Nxa5 18.Nb4 Nac6 19.Nxc6 Nxc6 20.a3 h6 21.b4 a5 22.bxa5 Nxa5
23.Kf1 Nc4 24.Rb1 Rc7 25.a4 Ra8 26.Rb4 Na5 27.Reb1 g5 28.h3 Nc6 29.Rxb7 Rxb7
30.Rxb7 Rxa4 31.Ke2 Nxd4+ 32.Nxd4 Rxd4 33.f3 h5 34.g4 Ra4 35.Rb2 Ra1 36.Kf2 Rh1
37.Rb8+ Kg7 38.Kg3 hxg4 39.Kxg4 Rf1 40.Rd8 Rg1+ 41.Kh5 Rg3  0-1

[Event "BL2-W9192"]
[Site "Germany"]
[Date "1992.??.??"]
[Round "?"]
[White "Ostermeyer, Peter"]
[Black "Sehner, Norbert"]
[Result "0-1"]
[WhiteElo "2405"]
[BlackElo "2420"]

1.e4 c5 2.Nf3 d6 3.Bb5+ Nd7 4.O-O a6 5.Bxd7+ Bxd7 6.d4 cxd4 7.Qxd4 Nf6 8.Bg5 e6
9.Nc3 Be7 10.Rad1 Bc6 11.e5 dxe5 12.Nxe5 Qxd4 13.Rxd4 Rc8 14.Rc4 Nd7 15.Nxd7 Bxg5
16.Ne5 Bf6 17.Nxc6 b5 18.Nxb5 axb5 19.Rc5 Be7 20.Rc3 Bf6 21.Nd4 Rd8 22.Nxb5 Bxc3
23.Nxc3 Ke7 24.Rc1 Rd4 25.Kf1 Rc8 26.Ke2 f5 27.f3 g5 28.Nb1 g4 29.Nd2 Rcd8
30.Nf1 gxf3+ 31.gxf3 Ra4 32.Ra1 Rg8 33.Ne3 Rh4 34.Rh1 h5 35.b3 f4 36.Nc4 Rg2+
37.Kd3 Rhxh2 38.Re1 Rxc2 39.a4 Rcf2 40.Ne5 Rb2 41.b4 Rhd2+ 42.Kc4 Rbc2+ 43.Kb5 Kf6
44.Kb6 Re2 45.Rxe2 Rxe2 46.Nd3 h4 47.Nxf4 Rb2 48.Kc5 Kf5 49.Nh3 Rh2 50.b5 Rxh3
51.b6 Rxf3 52.a5 h3 53.b7 Rb3 54.a6 h2  0-1

[Event "BL2-W9192"]
[Site "Germany"]
[Date "1992.??.??"]
[Round "?"]
[White "Huisl, Wolfgang"]
[Black "Hoehn, Jan"]
[Result "1/2-1/2"]
[WhiteElo "2320"]
[BlackElo "2235"]

1.e4 c5 2.Nf3 d6 3.Bb5+ Bd7 4.Bxd7+ Qxd7 5.c4 Nf6 6.Nc3 Nc6 7.O-O g6 8.d4 cxd4
9.Nxd4 Bg7 10.Nde2 O-O 11.f3 Rac8 12.Bg5 h6 13.Be3 Rfd8 14.Qd2 Kh7 15.Nd5 Ne5
16.b3 b5 17.cxb5 Nxd5 18.exd5 Qxb5 19.Bxa7 Qd3 20.Rad1 Rc2 21.Qxd3 Nxd3 22.Rxd3 Rxe2
23.Rf2 Re1+ 24.Rf1 Rxf1+ 25.Kxf1 Ra8 26.Bb6 Rxa2 27.Bd8 Bf6 28.Re3 Ra7 29.b4 Kg7
30.b5 Rd7 31.Ba5 Bd4 32.Re4 Bc5 33.b6 Rb7 34.h4 Kf8 35.h5 g5 36.Re2 Ke8 37.g4 Kd7
38.Rb2 Bd4 39.Rb3 e6 40.Rb5 Bc5 41.Bc3 exd5 42.Bg7 Kc6 43.Rb3 Bxb6 44.Bxh6 f6
45.Bf8 Rf7 46.Bxd6 Kxd6 47.Rxb6+ Ke5 48.Kf2 f5 49.gxf5 Kxf5 50.Rd6 Ke5 51.Rg6 Kf5
52.Rd6 Ke5 53.Rg6 Kf4 54.Rd6 Rf5 55.h6 g4 56.fxg4 Kxg4+ 57.Ke3 Rh5 58.Kd4 Kg5
59.Rxd5+ Kxh6 60.Rxh5+ Kxh5  1/2-1/2

[Event "BL2-W9192"]
[Site "Germany"]
[Date "1992.??.??"]
[Round "?"]
[White "Buchal, Stephan"]
[Black "Borik, Otto"]
[Result "0-1"]
[WhiteElo "2295"]
[BlackElo "2380"]

1.e4 c5 2.Nf3 d6 3.Bb5+ Nd7 4.d4 cxd4 5.Qxd4 a6 6.Bxd7+ Bxd7 7.O-O Nf6 8.Bg5 h6
9.Bxf6 gxf6 10.c4 Rc8 11.Nbd2 Qc7 12.b4 h5 13.Rac1 h4 14.h3 Rh5 15.Ne1 Bh6
16.f4 e5 17.Qb2 Bxf4 18.Rxf4 exf4 19.Qxf6 Be6 20.Nd3 Qb6+ 21.c5 dxc5 22.Nc4 Qd8
23.Qxd8+ Rxd8 24.Nxf4 Rg5 25.Nxe6 fxe6 26.bxc5 Ke7 27.Nd6 Rdg8 28.Rc2 b6
29.Nb7 bxc5 30.Na5 c4 31.Nc6+ Kd7 32.Nd4 Rg3 33.Kf1 Re3 34.Rxc4 Rxe4 35.Rb4 Rf8+
36.Kg1 Rff4 37.Rb7+ Kc8  0-1

[Event "BL2-N9192"]
[Site "Germany"]
[Date "1992.??.??"]
[Round "?"]
[White "Tomczak, Rainer"]
[Black "Seils, Joerg"]
[Result "1/2-1/2"]
[WhiteElo "2355"]
[BlackElo "2330"]

1.e4 c5 2.Nf3 d6 3.Bb5+ Bd7 4.Bxd7+ Nxd7 5.O-O Ngf6 6.Re1 e6 7.d4 cxd4 8.Qxd4 Be7
9.Nc3 O-O 10.Bg5 Qa5 11.Qd2 Qa6 12.Rad1 Rfd8 13.h3 Rac8 14.Qd3 Qb6 15.Bc1 a6
16.Re2 Qa5 17.a3  1/2-1/2

[Event "BL2-O9192"]
[Site "Germany"]
[Date "1992.??.??"]
[Round "?"]
[White "Dobrovolsky, Ladislav"]
[Black "Womacka, Mathias"]
[Result "0-1"]
[WhiteElo "2380"]
[BlackElo "2445"]

1.e4 c5 2.Nf3 d6 3.Bb5+ Nd7 4.c3 Nf6 5.Qe2 a6 6.Ba4 e5 7.O-O Be7 8.d4 O-O
9.Bc2 Re8 10.Nbd2 cxd4 11.cxd4 exd4 12.Nxd4 d5 13.e5 Bc5 14.N2b3 Rxe5 15.Be3 Bf8
16.Rad1 Nb6 17.Nf3 Re8 18.Qd3 g6 19.Nbd4 Nc4 20.Bc1 Bd7 21.b3 Na3 22.Bb2 Nxc2
23.Qxc2 Bg7 24.Qd2 Ne4 25.Qf4 g5 26.Qc1 Rc8 27.Qa1 Qf6 28.a4 Bg4 29.Rd3 Bh5
30.Nd2 Nxd2 31.Rxd2 Qf4 32.Rd3 Re4 33.Nf3 Bxb2 34.Qxb2 Bxf3 35.Rxf3 Qe5 36.Qd2 h6
37.Rd3 d4 38.g3 Rc3 39.f4 Rxd3 40.Qxd3 gxf4 41.gxf4 Re3 42.Qc4 Qe4 43.Qc8+ Kg7
44.b4 Re2 45.Qg4+ Kh7 46.Qg3 d3 47.Rd1 d2 48.Kf1 Rxh2  0-1

[Event "BL2-N9192"]
[Site "Germany"]
[Date "1992.??.??"]
[Round "?"]
[White "Sandien, Michael"]
[Black "Lagunow, Alexander"]
[Result "0-1"]
[WhiteElo "2345"]
[BlackElo "2455"]

1.e4 c5 2.Nf3 d6 3.Bb5+ Bd7 4.Bxd7+ Qxd7 5.O-O Nc6 6.c3 Nf6 7.d4 Nxe4 8.d5 Ne5
9.Re1 Nxf3+ 10.Qxf3 Nf6 11.Nd2 O-O-O 12.b4 cxb4 13.c4 e5 14.Qb3 Qc7 15.Qxb4 Nd7
16.Rb1 Be7 17.Nb3 Nc5 18.Qa3 b6 19.Nxc5 dxc5 20.Qf3 Bd6 21.a4 Qd7 22.a5 Kc7
23.Bd2 Rb8 24.Rb2 f6 25.Reb1 Qa4 26.Qg4 g6 27.Qe6 Rhe8 28.Qxf6 Qxc4 29.axb6+ axb6
30.Ba5 Qxd5 31.Bxb6+ Kc6 32.Qh4 e4 33.h3 Re7 34.Qf6 Reb7 35.Rc2 Rxb6 36.Rbc1 Rb1
37.g3 Rxc1+ 38.Rxc1 e3 39.fxe3 Qd2 40.Qf3+ Qd5  0-1

[Event "Goch op"]
[Site "Goch"]
[Date "1992.??.??"]
[Round "3"]
[White "Ostermeyer, Peter"]
[Black "De Ruyter, L."]
[Result "1/2-1/2"]
[WhiteElo "2405"]
[BlackElo "2180"]

1.e4 c5 2.Nf3 d6 3.Bb5+ Bd7 4.a4 Nc6 5.O-O a6 6.Bxc6 Bxc6 7.Re1 e6 8.a5 g6
9.d4 cxd4 10.Qxd4 Nf6 11.Nc3 Bg7 12.Bg5 O-O 13.Qd2 Qc7 14.Bh6 Rfd8 15.Bxg7 Kxg7
16.Nd4 b5 17.axb6 Qxb6 18.Nxc6 Qxc6 19.Re3 Rdb8 20.b3 Rc8 21.Ra4 Qc5 22.Rd4 Rc6
23.Rc4 Qb6 24.Rxc6 Qxc6 25.Qd4 e5 26.Qd2 Rc8 27.h3 Qc5 28.Rf3 h6 29.Kh2 Nh7
30.Qd3  1/2-1/2

[Event "Graz"]
[Site "Graz"]
[Date "1992.??.??"]
[Round "1"]
[White "Dohr, Alexander"]
[Black "Rigo, Janos"]
[Result "1/2-1/2"]
[WhiteElo "2200"]
[BlackElo "2370"]

1.e4 c5 2.Nf3 d6 3.Bb5+ Bd7 4.a4 Nf6 5.Nc3 e5 6.O-O Be7 7.Bxd7+ Qxd7 8.d3 h6
9.Ne2 Nc6 10.Ng3 g6 11.c3 O-O-O 12.d4 d5 13.Nxe5 Nxe5 14.dxe5 Nxe4 15.Nxe4 dxe4
16.Qe2 Qd5 17.Bf4 g5 18.c4 Qe6 19.Bd2 Rd3 20.Bc3 Qxc4 21.Qg4+ Kc7 22.Rfe1 h5
23.Qf5 Rhd8 24.Rac1 Kb8 25.h3 Qe6 26.Qxe4 g4 27.hxg4 hxg4 28.Qf4 g3 29.Re4 Rg8
30.Rf1 Bg5 31.Qg4 Qd5 32.Qe2 gxf2+ 33.Rxf2 c4 34.e6 fxe6 35.Rxe6 Rd1+ 36.Rf1 Rxf1+
37.Kxf1 Rf8+ 38.Kg1 Qc5+ 39.Kh1 Qc8 40.Qe5+ Ka8 41.g3 Qd7 42.Kg2 Bd8 43.Qc5 Qxe6
44.Qxf8 Qc6+ 45.Kh2 Qd5 46.Qe8 Qd6 47.Be5 Qd2+ 48.Kh3 Qh6+ 49.Kg4 Qg5+ 50.Kf3 Qf5+
51.Ke3 Qd3+ 52.Kf4 a6 53.Bc3 Kb8 54.Qe4 Qf1+ 55.Kg4 Qd1+ 56.Kf5 Qxa4 57.g4 Qd7+
58.Qe6 Qd3+ 59.Qe4 Qd7+ 60.Qe6 Qh7+ 61.Qg6 Qxg6+ 62.Kxg6 b5 63.Bf6 Bxf6 64.Kxf6 b4
65.g5 c3 66.bxc3 bxc3 67.g6 c2 68.g7 c1=Q 69.g8=Q+ Kc7 70.Ke5 Qe3+ 71.Kf5 Qd3+
72.Ke5 Qd6+ 73.Ke4 a5 74.Qg7+ Kb6 75.Qd4+ Qc5 76.Qxc5+ Kxc5 77.Kd3 Kb4 78.Kc2 Ka3
79.Kb1 a4 80.Ka1 Kb3  1/2-1/2

[Event "Graz-ch"]
[Site "Graz"]
[Date "1992.??.??"]
[Round "3"]
[White "Dohr, Alexander"]
[Black "Krumpacnik, Domen"]
[Result "0-1"]
[WhiteElo "2190"]
[BlackElo "2290"]

1.e4 c5 2.Nf3 d6 3.Bb5+ Bd7 4.Bxd7+ Nxd7 5.b3 Ngf6 6.Qe2 g6 7.O-O Bg7 8.Bb2 O-O
9.Na3 a6 10.c4 Qa5 11.Nc2 Nh5 12.Bxg7 Nxg7 13.Ne3 b5 14.Ng4 Ne6 15.Qe3 bxc4
16.Nh6+ Kg7 17.Nh4 Nd4 18.Ng4 Nf6 19.Qh6+ Kg8 20.Nxf6+ exf6 21.bxc4 Rab8
22.Kh1 Rb6 23.g4 Qa3 24.Nf5 Qf3+  0-1

[Event "Ikaria op"]
[Site "GRE"]
[Date "1992.??.??"]
[Round "?"]
[White "Radulov, Ivan"]
[Black "Szekely, Peter"]
[Result "1/2-1/2"]
[WhiteElo "2400"]
[BlackElo "2450"]

1.e4 c5 2.Nf3 d6 3.Bb5+ Bd7 4.Bxd7+ Qxd7 5.O-O Nc6 6.c3 Nf6 7.Re1 e6 8.d4 cxd4
9.cxd4 d5 10.e5 Ne4 11.Nbd2 Nxd2 12.Bxd2 Be7 13.Bg5 O-O 14.Bxe7 Qxe7 15.Qd2 Rac8
16.Rac1 Rc7 17.Rc2 Rfc8 18.Rec1 h6 19.g3 Nb8 20.Kg2 Rxc2 21.Rxc2  1/2-1/2

[Event "Hamburg-ch"]
[Site "Hamburg"]
[Date "1992.??.??"]
[Round "5"]
[White "Stenner, Patrick"]
[Black "Stanke, Juergen"]
[Result "0-1"]
[WhiteElo "2310"]
[BlackElo "2240"]

1.e4 c5 2.Nf3 d6 3.Bb5+ Bd7 4.Bxd7+ Qxd7 5.O-O Nc6 6.c4 Nf6 7.Re1 e6 8.d4 cxd4
9.Nxd4 Be7 10.Nc3 O-O 11.b3 Rfd8 12.Bb2 b6 13.Qd3 Qb7 14.Rad1 a6 15.Qe2 Nxd4
16.Rxd4 Ne8 17.Red1 Bf6 18.R4d2 Bg5 19.Rd4 Bf6 20.R4d2 Rab8 21.a4 Rd7 22.f4 Rbd8
23.f5 Qc6 24.fxe6 fxe6 25.Qg4 Nc7 26.Kh1 Bxc3 27.Bxc3 d5 28.exd5 Nxd5 29.cxd5 Qxc3
30.Qxe6+ Kh8 31.Qxb6 Rd6 32.Rd3 Qf6 33.Qd4 Qf7 34.Qe5 h6 35.h3 Qd7 36.Qh5 Qb7
37.R1d2 Qe7 38.Re2 Qf6 39.Re1 Qf2 40.Red1 Qf4 41.Rf3 Qe4 42.Qf5 Qe2 43.Qd3 Qe5
44.Rdf1 Kg8 45.Rf5 Qe7 46.Qf3 R6d7 47.Rf2 Qc5 48.Rd2 Qb4 49.Rd1 Qe7 50.Qf4 Rd6
51.Re5 Qb7 52.Rde1 Qa8 53.Re7 Qxd5 54.R1e5 Qd1+ 55.Kh2 Rg6 56.Re8+ Kh7 57.Rxd8 Qxd8
58.Qe4 Qd6 59.h4 Kh8 60.Kh3 Rf6 61.Re8+ Rf8 62.Rxf8+ Qxf8 63.b4 Qd6 64.Qe8+ Kh7
65.b5 Qa3+ 66.g3 Qxa4 67.Qe6 Qxb5 68.Qe4+ Kg8 69.Qe6+ Kf8 70.Qd6+ Ke8 71.Kg2 Qb2+
72.Kg1 Qf6 73.Qb8+ Kf7 74.Qb7+ Kg8 75.Kg2 Kh7 76.Qe4+ Qg6 77.Qa4 Qd3 78.Qa2 Qe4+
79.Kh2 Qd3 80.Kg2 Kh8 81.Kh2 Qb5 82.Qg2 Qc4 83.Qa8+ Kh7 84.Qf3 Qc2+ 85.Kh3 a5
86.Qa8 a4 87.Qa5 Qe4 88.Kh2 Kg6 89.Kh3 Qf5+  0-1

[Event "EU-ch U20 Girls"]
[Site "Hradec Kralove"]
[Date "1992.??.??"]
[Round "?"]
[White "Zak, Irina"]
[Black "Khurtsidze, Nino"]
[Result "0-1"]
[WhiteElo "2130"]
[BlackElo "2220"]

1.e4 c5 2.Nf3 d6 3.Bb5+ Bd7 4.Bxd7+ Qxd7 5.c4 e5 6.Nc3 Nc6 7.d3 g6 8.Nd5 Bg7
9.Qa4 Rb8 10.a3 Nge7 11.Nxe7 Qxe7 12.b4 O-O 13.Be3 f5 14.b5 Nd4 15.Bxd4 exd4
16.Nd2 Bh6 17.Ra2 Bxd2+ 18.Rxd2 fxe4 19.O-O exd3 20.Rxd3 Qe2 21.Rg3 Rf7 22.f4 Re8
23.Qb3 Rfe7 24.Qb1 Qe4 25.Qc1 Rf8 26.h4 Kh8 27.Rh3 b6 28.a4 d5 29.a5 dxc4
30.Qxc4 Qe6 31.Qd3 Qe2 32.Qxe2 Rxe2 33.h5 Kg7 34.axb6 axb6 35.h6+ Kf6 36.Ra3 Rd8
37.Ra7 d3  0-1

[Event "EU-ch U20 Girls"]
[Site "Hradec Kralove"]
[Date "1992.??.??"]
[Round "?"]
[White "Zak, Irina"]
[Black "Peptan, Corina"]
[Result "1-0"]
[WhiteElo "2130"]
[BlackElo "2315"]

1.e4 c5 2.Nf3 d6 3.Bb5+ Bd7 4.Bxd7+ Qxd7 5.O-O Nc6 6.c4 Nf6 7.Nc3 g6 8.d4 cxd4
9.Nxd4 Bg7 10.Nde2 O-O 11.f3 Qc7 12.Be3 a6 13.Rc1 Qa5 14.Nf4 Nd7 15.Qe2 Rfc8
16.Rfd1 Nce5 17.Nfd5 Qd8 18.Na4 Rab8 19.Ba7 Ra8 20.Bf2 Rab8 21.Bh4 Nc6 22.Nac3 Nb6
23.f4 Nxd5 24.Nxd5 Qe8 25.b4 e6 26.Nf6+ Bxf6 27.Bxf6 Nxb4 28.Rxd6 Rc6 29.c5 Rcc8
30.Ba1 e5 31.Bxe5 Nc6 32.Ba1  1-0

[Event "HUN-ch (Women)"]
[Site "?"]
[Date "1992.??.??"]
[Round "2"]
[White "Porubszky Angyalosine, Maria A"]
[Black "Zimmersmann, Rita"]
[Result "0-1"]
[WhiteElo "2230"]
[BlackElo "2280"]

1.e4 c5 2.Nf3 d6 3.Bb5+ Bd7 4.Bxd7+ Qxd7 5.O-O Nc6 6.c3 Nf6 7.Re1 e6 8.d4 d5
9.exd5 Qxd5 10.Na3 cxd4 11.cxd4 Bb4 12.Re2 O-O 13.Nc2 Ba5 14.Ne3 Qb5 15.a4 Qh5
16.Nc4 Bc7 17.Nce5 Ng4 18.Nxg4 Qxg4 19.h3 Qh5 20.Be3 Rfd8 21.Rc1 Bb6 22.Rd2 Qa5
23.Qb3 h6 24.Rcd1 Rd5 25.Rd3 Rad8 26.Bd2 Qa6 27.Bf4 Nxd4 28.Nxd4 Bxd4 29.Be3 Bxe3
30.Rxd5 Bxf2+ 31.Kxf2 Rxd5 32.Rxd5 exd5 33.Qxd5 Qb6+ 34.Kf1 Qxb2 35.Qd8+ Kh7
36.Qd3+ g6 37.Qd7 Kg7 38.Kg1 a6 39.Kh2 Qe5+ 40.Kg1 b5 41.axb5 axb5 42.Qb7 Qd4+  0-1

[Event "HUN-chT"]
[Site "HUN"]
[Date "1992.??.??"]
[Round "?"]
[White "Dely, Peter"]
[Black "Tolnai, Tibor"]
[Result "1/2-1/2"]
[WhiteElo "2430"]
[BlackElo "2490"]

1.e4 c5 2.Nf3 d6 3.Bb5+ Bd7 4.Bxd7+ Nxd7 5.O-O Ngf6 6.Qe2 e6 7.c3 Be7 8.d4 cxd4
9.cxd4 d5 10.e5 Ne4 11.Nbd2 Nxd2 12.Bxd2 O-O 13.Qb5  1/2-1/2